| 000 | 02745cam a2200385 i 4500 | ||
|---|---|---|---|
| 999 |
_c598 _d598 |
||
| 001 | 18841365 | ||
| 003 | GZU | ||
| 005 | 20200908104924.0 | ||
| 008 | 151102s2015 nyuab b 001 0 eng | ||
| 010 | _a 2015431335 | ||
| 020 | _a9780718199715 (hardcover) | ||
| 040 |
_aDLC _beng _cDLC _erda |
||
| 042 | _apcc | ||
| 043 |
_aa-tu--- _aaw----- |
||
| 050 | 0 | 0 | _bDS 63.04 MCM 2015 |
| 082 | 0 | 0 |
_a956/.02 _223 |
| 100 | 1 |
_aMcMeekin, Sean, _d1974- _eauthor. |
|
| 245 | 1 | 4 |
_aThe Ottoman endgame : _bwar, revolution, and the making of the modern Middle East, 1908-1923 / _cSean McMeekin. |
| 264 | 1 |
_aNew York, New York : _bPenguin Press, an imprint of Random House LLC, _c[2015] |
|
| 300 |
_axii, 550 p : _bill, maps ; _c25 cm |
||
| 336 |
_atext _btxt _2rdacontent |
||
| 337 |
_aunmediated _bn _2rdamedia |
||
| 338 |
_avolume _bnc _2rdacarrier |
||
| 504 | _aIncludes bibliographical references (pages 501-535) and index. | ||
| 505 | 0 | _aIntrodution: The Sykes-Picot myth and the modern Middle East -- Prologue: September 7, 1876 -- Part I: The sick man of Europe -- The sick patient -- Radical surgery: the young Turks -- The jackals pounce -- Searching for an ally -- Part II: The War of 1914: Turkey plays its hand -- Manna from Mars: the arrival of SMS Goeben -- The battle for Ottoman belligerence -- Basra, Sarıkamış, and Suez -- Dardanelles -- Gallipoli -- Massacre in Turkish Armenia -- A cold winter for the British Empire -- Erzurum and Kut -- Double bluff -- Ottoman holy war and Arab revolt -- Russia's moment -- Turning the Arabs -- Brest-Litovsk -- Part III: Death and rebirth -- Mudros -- Sèvres -- Sakarya -- Smyrna -- Lausanne and the Ottoman legacy. | |
| 520 |
_a"Between 1911 and 1923, a series of wars--chief among them World War I--would engulf the Ottoman Empire and its successor states. It is a story we think we know well, but as Sean McMeekin shows us in this revelatory new history, we know far less than we think. Drawing from his years of ground-breaking research in newly opened Ottoman and Russian archives, The Ottoman Endgame brings to light the entire strategic narrative that led to an unstable new order in postwar Middle East--much of which is still felt today"-- _cJacket. |
||
| 650 |
_2Middle East--History--1908-1923 _zTurkey-History |
||
| 650 |
_2Ottoman empire _vMiddle east politics |
||
| 651 | 0 |
_aMiddle East _xHistory _y1914-1923. |
|
| 651 | 0 |
_aTurkey _xHistory _yOttoman Empire, 1288-1918. |
|
| 651 | 0 |
_aMiddle East _xPolitics and government _y1914-1945. |
|
| 906 |
_a7 _bcbc _corignew _d2 _encip _f20 _gy-gencatlg |
||
| 942 |
_cBK _h63.04 _iMCM _kDS |
||